Sports Quiz

Random Sports or Year Quiz

Naismith Award Winners Quiz Stats

 Plays Quiz Updated Apr 30, 2018

Score 0/51 Timer 08:00
0 Plays Today
Year Player % Correct
2007Kevin Durant
85.2%
1984Michael Jordan
84.5%
2019Zion Williamson
81.5%
1985Patrick Ewing
79.3%
1997Tim Duncan
78.7%
1979Larry Bird
77%
1972Bill Walton
74.5%
1973Bill Walton
74.5%
1974Bill Walton
74.5%
1987David Robinson
73.5%
1969Lew Alcindor
73.5%
1994Glenn Robinson
72.9%
2012Anthony Davis
72.1%
1991Larry Johnson
72%
2002Jason 'Jay' Williams
71.3%
1977Marques Johnson
71%
1992Christian Laettner
69.8%
2005Andrew Bogut
67.7%
2008Tyler Hansbrough
67.7%
2004Jameer Nelson
66.1%
2011Jimmer Fredette
65.2%
2000Kenyon Martin
65.1%
2006J.J. Redick
64.3%
1996Marcus Camby
61%
1981Ralph Sampson
58.4%
1982Ralph Sampson
58.4%
Year Player % Correct
1983Ralph Sampson
58.4%
2016Buddy Hield
58.1%
2014Doug McDermott
57.9%
2001Shane Battier
57.5%
2015Frank Kaminsky
55.6%
1999Elton Brand
55.6%
1988Danny Manning
55.1%
2009Blake Griffin
54.9%
1995Joe Smith
50.9%
2003T.J. Ford
50.1%
2013Trey Burke
49.7%
1970Pete Maravich
49.4%
1998Antawn Jamison
44.4%
2018Jalen Brunson
39%
2017Frank Mason III
37.7%
1975David Thompson
37.4%
2010Evan Turner
27.6%
1976Scott May
26.5%
1986Johnny Dawkins
23.8%
1989Danny Ferry
23.5%
1971Austin Carr
21.4%
1993Calbert Cheaney
20.9%
1980Mark Aguirre
19.9%
1990Lionel Simmons
13.8%
1978Butch Lee
8%

You're not logged in!

Compare scores with friends on all Sporcle quizzes.
OR
Log In

Sporcle TV

Today on Sporcle TV


Watch our educational content, quiz creation guides, and fun videos on Sporcle TV.

Show Comments

Extras

Top Quizzes Today


Score Distribution

Your Account Isn't Verified!

In order to create a playlist on Sporcle, you need to verify the email address you used during registration. Go to your Sporcle Settings to finish the process.

Report this User

Report this user for behavior that violates our Community Guidelines.

Details: